[Event "DC International"]
[Site "Arlington, VA"]
[Date "2013.06.30"]
[Round "8.25"]
[White "Patil, Anuprita"]
[Black "Yagiz, Bora"]
[Result "1/2-1/2"]
[WhiteElo "2075"]
[BlackElo "1916"]
[PlyCount "108"]
[EventDate "2013.06.??"]
[EventType "swiss"]
[EventRounds "9"]
[EventCountry "USA"]
[SourceDate "2013.06.27"]

1. d4 g6 2. c4 Bg7 3. Nc3 d6 4. g3 f5 5. Bg2 Nf6 6. e4 c6 7. Nge2 O-O 8. O-O
Na6 9. Re1 e5 10. d5 fxe4 11. Nxe4 Nxe4 12. Bxe4 c5 13. a3 Nc7 14. b4 b6 15.
Be3 Rb8 16. Rb1 Bd7 17. Qc2 Rf7 18. bxc5 dxc5 19. f4 Ne8 20. fxe5 Bxe5 21. Bf4
Qf6 22. Rf1 Nd6 23. Bh6 Qe7 24. Rxf7 Nxf7 25. Bf4 Qd6 26. Re1 Re8 27. Bd2 a5
28. Nf4 Bd4+ 29. Kg2 Ng5 30. Bd3 Rxe1 31. Bxe1 Kg7 32. h4 Nf7 33. Bf2 Be5 34.
Be3 Nh6 35. Qe2 Nf5 36. Bxf5 Bxf5 37. Qf3 Qd7 38. Bd2 Bg4 39. Qe3 Bf6 40. Bc3
Kf7 41. Bxf6 Kxf6 42. Qc3+ Kf7 43. Qh8 Qf5 44. Qxh7+ Kf6 45. Qh8+ Kf7 46. Qc3
Qe4+ 47. Kh2 Qd4 48. Qc2 Bf5 49. Qe2 Qc3 50. Kg2 Qxa3 51. d6 Qa4 52. Qe7+ Kg8
53. Qd8+ Kf7 54. Qe7+ Kg8 1/2-1/2

[Event "DC International"]
[Site "Arlington, VA"]
[Date "2013.06.30"]
[Round "8.26"]
[White "Sinha, Sahil"]
[Black "Panchanatham, Vignesh"]
[Result "1/2-1/2"]
[WhiteElo "1898"]
[BlackElo "2069"]
[PlyCount "72"]
[EventDate "2013.06.??"]
[EventType "swiss"]
[EventRounds "9"]
[EventCountry "USA"]
[SourceDate "2013.06.27"]

1. d4 Nf6 2. c4 g6 3. Nc3 Bg7 4. e4 d6 5. Nf3 O-O 6. Be2 e5 7. O-O Na6 8. d5
Nc5 9. Qc2 a5 10. Be3 h5 11. Bxc5 dxc5 12. Nxe5 Nxd5 13. exd5 Bxe5 14. Bd3 b6
15. Rae1 Bg7 16. f4 Qf6 17. Kh1 Bg4 18. f5 gxf5 19. Bxf5 Rae8 20. Bxg4 Rxe1 21.
Rxe1 hxg4 22. Qe2 g3 23. h3 Qf2 24. Nd1 Qxe2 25. Rxe2 Bd4 26. Nc3 Bxc3 27. bxc3
f5 28. Re7 f4 29. Kg1 Rc8 30. Kf1 c6 31. Ke2 cxd5 32. cxd5 b5 33. Re4 b4 34.
cxb4 axb4 35. Rxf4 Ra8 36. Kd1 Rxa2 1/2-1/2

[Event "DC International"]
[Site "Arlington, VA"]
[Date "2013.06.30"]
[Round "8.28"]
[White "Nieto, Guillermo"]
[Black "Chan, James"]
[Result "0-1"]
[WhiteElo "1949"]
[BlackElo "2026"]
[PlyCount "74"]
[EventDate "2013.06.??"]
[EventType "swiss"]
[EventRounds "9"]
[EventCountry "USA"]
[SourceDate "2013.06.27"]

1. e4 c5 2. Nc3 a6 3. f4 e6 4. Nf3 b5 5. d4 cxd4 6. Nxd4 Bb7 7. a3 d6 8. Be2
Nd7 9. O-O Ngf6 10. Bf3 Qc7 11. f5 e5 12. Nb3 Be7 13. Be3 Rc8 14. Qd2 Nb6 15.
Bxb6 Qxb6+ 16. Kh1 O-O 17. g4 Rxc3 18. Qxc3 Nxe4 19. Qe1 Ng5 20. Nd2 Nxf3 21.
Nxf3 e4 22. Nd2 Bg5 23. Rd1 Qc6 24. Kg1 Qc5+ 25. Kh1 Bxd2 26. Rxd2 e3+ 27. Rg2
Qxc2 28. Qg3 e2 29. Re1 Re8 30. Kg1 Bxg2 31. Qxg2 Qxb2 32. Qc6 Qd4+ 33. Kg2
Qe4+ 34. Qxe4 Rxe4 35. Kf3 d5 36. Rxe2 Rxe2 37. Kxe2 Kf8 0-1

[Event "DC International"]
[Site "Arlington, VA"]
[Date "2013.06.30"]
[Round "8.29"]
[White "Polgar-Shutzman, Tom"]
[Black "Nguyen, Trung"]
[Result "1-0"]
[WhiteElo "2102"]
[BlackElo "1881"]
[PlyCount "85"]
[EventDate "2013.06.??"]
[EventType "swiss"]
[EventRounds "9"]
[EventCountry "USA"]
[SourceDate "2013.06.27"]

1. e4 c5 2. Nf3 d6 3. Bb5+ Nd7 4. d4 cxd4 5. Qxd4 Ngf6 6. O-O g6 7. e5 dxe5 8.
Qxe5 a6 9. Bxd7+ Bxd7 10. Re1 e6 11. Nc3 Bg7 12. Bg5 h6 13. Bh4 Bc6 14. Rad1
Qe7 15. Nd4 O-O 16. Rd3 Rfd8 17. Rg3 Ne8 18. Bxe7 Bxe5 19. Nxc6 Bxc3 20. Rxc3
Rd7 21. Bb4 bxc6 22. Rxc6 Nf6 23. c4 Kg7 24. Bc3 g5 25. h3 Kg6 26. Re5 Ne8 27.
Ra5 Rd6 28. Rac5 Rxc6 29. Rxc6 Ra7 30. b4 Kf5 31. f3 Kf4 32. Kf2 Kf5 33. a4 h5
34. a5 Rc7 35. Rxc7 Nxc7 36. Bd4 e5 37. Bb6 Ne8 38. b5 axb5 39. a6 Nd6 40. a7
Nxc4 41. a8=Q Nxb6 42. Qc6 Nc4 43. g4+ 1-0

[Event "DC International"]
[Site "Arlington, VA"]
[Date "2013.06.30"]
[Round "8.33"]
[White "Patel, Advait"]
[Black "Beckman, Thomas"]
[Result "0-1"]
[WhiteElo "1978"]
[BlackElo "1977"]
[PlyCount "104"]
[EventDate "2013.06.??"]
[EventType "swiss"]
[EventRounds "9"]
[EventCountry "USA"]
[SourceDate "2013.06.27"]

1. e4 c5 2. Nf3 d6 3. d4 cxd4 4. Nxd4 Nf6 5. Nc3 a6 6. Be3 e5 7. Nf3 Qc7 8. a4
Be7 9. Be2 O-O 10. O-O b6 11. Nd2 Be6 12. f4 exf4 13. Bxf4 Nbd7 14. Nf3 Ne5 15.
Nd4 Nfd7 16. Qd2 Nc4 17. Bxc4 Bxc4 18. Nf5 Ne5 19. Nd5 Bxd5 20. Qxd5 Rad8 21.
Rad1 Bf6 22. Ne3 Rfe8 23. Qb3 Qc5 24. Rd5 Qc6 25. Bxe5 dxe5 26. Rfd1 g6 27. Qc4
Qxc4 28. Nxc4 b5 29. axb5 axb5 30. Rxd8 Bxd8 31. Nd6 Bb6+ 32. Kf1 Rd8 33. Rd5
b4 34. Nc4 Rxd5 35. exd5 Bd4 36. Ke2 e4 37. Kd2 f5 38. c3 bxc3+ 39. bxc3 Bg1
40. h3 Kf8 41. g4 Ke7 42. gxf5 gxf5 43. Ne3 f4 44. Nd1 Kd6 45. c4 Kc5 46. Nc3
Be3+ 47. Kc2 Kd4 48. d6 f3 49. h4 Bf2 50. d7 Bxh4 51. Kd2 e3+ 52. Kd1 Kxc3 0-1

[Event "DC International"]
[Site "Arlington, VA"]
[Date "2013.07.01"]
[Round "9.1"]
[White "Holt, Conrad"]
[Black "Cheng, Bindi"]
[Result "1/2-1/2"]
[WhiteElo "2531"]
[BlackElo "2406"]
[PlyCount "99"]
[EventDate "2013.06.??"]
[EventType "swiss"]
[EventRounds "9"]
[EventCountry "USA"]
[SourceDate "2013.06.27"]

1. d4 c5 2. d5 e6 3. c4 exd5 4. cxd5 d6 5. Nc3 g6 6. e4 Bg7 7. Bd3 a6 8. a4 Nd7
9. Nf3 Ne5 10. Nxe5 Bxe5 11. Ra3 Qh4 12. g3 Qf6 13. Rb3 Bd4 14. Qe2 Qd8 15. O-O
Nf6 16. Be3 Bxe3 17. Qxe3 Ng4 18. Qd2 g5 19. Be2 Ne5 20. Nd1 c4 21. Ra3 Bh3 22.
Re1 Rc8 23. Ne3 Qf6 24. Qb4 O-O 25. Nxc4 Nxc4 26. Bxc4 Qd4 27. b3 Rfe8 28. Raa1
Rxe4 29. Red1 Qf6 30. f3 Qxf3 31. Qd2 h6 32. Qf2 Qxf2+ 33. Kxf2 Rce8 34. a5 Bg4
35. Rd2 Kg7 36. Ra4 R8e7 37. Rb4 f5 38. Rb6 Rd7 39. Bf1 Kf6 40. Rc2 Rd4 41. b4
Bd1 42. Rc8 Rxd5 43. Rf8+ Kg6 44. Rb8 Re7 45. R8xb7 Rd2+ 46. Kg1 Re1 47. Rd7
Re6 48. Bc4 Re1+ 49. Bf1 Re6 50. Bc4 1/2-1/2

[Event "DC International"]
[Site "Arlington, VA"]
[Date "2013.07.01"]
[Round "9.3"]
[White "Shetty, Atulya"]
[Black "Panchanathan, Magesh"]
[Result "1/2-1/2"]
[WhiteElo "2320"]
[BlackElo "2570"]
[PlyCount "131"]
[EventDate "2013.06.??"]
[EventType "swiss"]
[EventRounds "9"]
[EventCountry "USA"]
[SourceDate "2013.06.27"]

1. c4 Nf6 2. g3 e6 3. Bg2 d5 4. Nf3 Be7 5. O-O O-O 6. b3 a5 7. e3 Ne4 8. Bb2
Nd7 9. d3 Nd6 10. Nc3 c6 11. e4 dxe4 12. dxe4 e5 13. Qc2 f6 14. Rfd1 b6 15. Rd2
Nb7 16. Rad1 Qc7 17. a3 Nb8 18. Nh4 g6 19. Ne2 Bc5 20. Nc1 Qe7 21. a4 Na6 22.
Nd3 Nb4 23. Nxb4 Bxb4 24. Bc3 Bxc3 25. Qxc3 Be6 26. f4 Qc5+ 27. Kh1 Rad8 28. f5
Bf7 29. fxg6 hxg6 30. Qf3 Rxd2 31. Rxd2 Qb4 32. Rf2 Be8 33. Qg4 Kh7 34. Nf3 Qe7
35. Ne1 Nc5 36. Qd1 Bf7 37. Rd2 Be6 38. Nd3 Nb7 39. Nf2 Rd8 40. Bf3 Rxd2 41.
Qxd2 Nc5 42. Bd1 Qd7 43. Qxd7+ Bxd7 44. Kg2 b5 45. cxb5 cxb5 46. axb5 Bxb5 47.
Bc2 Be2 48. h3 Kg7 49. g4 g5 50. Kg3 Ne6 51. Bd3 Nd4 52. h4 gxh4+ 53. Kxh4 Bxd3
54. Nxd3 Nxb3 55. g5 a4 56. Kg4 a3 57. Nb4 Kg6 58. gxf6 Kxf6 59. Kf3 Kg5 60.
Ke3 Nc5 61. Kd2 Nxe4+ 62. Kc2 Nc5 63. Kb1 e4 64. Ka2 e3 65. Nc2 e2 66. Nd4
1/2-1/2

[Event "DC International"]
[Site "Arlington, VA"]
[Date "2013.07.01"]
[Round "9.4"]
[White "Jayakumar, Adarsh"]
[Black "Enkhbat, Tegshsuren"]
[Result "1-0"]
[WhiteElo "2340"]
[BlackElo "2426"]
[PlyCount "105"]
[EventDate "2013.06.??"]
[EventType "swiss"]
[EventRounds "9"]
[EventCountry "USA"]
[SourceDate "2013.06.27"]

1. d4 d5 2. c4 c6 3. Nf3 Nf6 4. Nc3 a6 5. cxd5 cxd5 6. Bf4 Nc6 7. Rc1 Ne4 8. e3
Nxc3 9. bxc3 Bg4 10. Bd3 e6 11. O-O Bd6 12. Bxd6 Qxd6 13. h3 Bxf3 14. Qxf3 O-O
15. c4 dxc4 16. Bxc4 Rac8 17. Bd3 g6 18. Be4 Rc7 19. Bxc6 Rfc8 20. Bxb7 Rxc1
21. Bxc8 Rxc8 22. Qe2 Qa3 23. Rb1 Rc1+ 24. Rxc1 Qxc1+ 25. Kh2 Qc7+ 26. g3 a5
27. e4 Qc3 28. Qe3 Qc4 29. Qd2 a4 30. d5 exd5 31. exd5 Kf8 32. d6 Ke8 33. Qe3+
Qe6 34. Qb6 Qd7 35. Qb8+ Qd8 36. Qb5+ Qd7 37. Qe5+ Qe6 38. Qb5+ Qd7 39. Qa6 f6
40. Kg2 Kf7 41. Qc4+ Kf8 42. Qd5 h5 43. h4 Kg7 44. Kf3 Kf8 45. Ke3 Kg7 46. Kd4
a3 47. Kc5 Qc8+ 48. Kb6 Qd8+ 49. Ka7 g5 50. d7 gxh4 51. gxh4 Kf8 52. Qd6+ Kf7
53. Kb7 1-0

[Event "DC International"]
[Site "Arlington, VA"]
[Date "2013.07.01"]
[Round "9.5"]
[White "Cornejo, Max"]
[Black "Fernandez, Daniel"]
[Result "1/2-1/2"]
[WhiteElo "2395"]
[BlackElo "2396"]
[PlyCount "25"]
[EventDate "2013.06.??"]
[EventType "swiss"]
[EventRounds "9"]
[EventCountry "USA"]
[SourceDate "2013.06.27"]

1. e4 c5 2. c3 d5 3. exd5 Qxd5 4. d4 Nf6 5. Nf3 Bg4 6. Be2 e6 7. h3 Bh5 8. O-O
Nc6 9. c4 Qd7 10. dxc5 Bxc5 11. Qxd7+ Kxd7 12. Nc3 Ke7 13. Bg5 1/2-1/2

[Event "DC International"]
[Site "Arlington, VA"]
[Date "2013.07.01"]
[Round "9.6"]
[White "Gerzhoy, Leonid"]
[Black "Morshedi, Ali"]
[Result "1-0"]
[WhiteElo "2469"]
[BlackElo "2227"]
[PlyCount "107"]
[EventDate "2013.06.??"]
[EventType "swiss"]
[EventRounds "9"]
[EventCountry "USA"]
[SourceDate "2013.06.27"]

1. d4 Nf6 2. Nf3 e6 3. e3 b6 4. Bd3 Bb7 5. O-O c5 6. c4 Be7 7. Nc3 O-O 8. d5
exd5 9. cxd5 d6 10. e4 Nbd7 11. h3 Ne8 12. Bf4 Bf6 13. Nd2 Bxc3 14. bxc3 Qf6
15. Bh2 Qxc3 16. Nc4 Qf6 17. f4 Qd4+ 18. Kh1 f5 19. e5 Qxd5 20. Ne3 Qc6 21.
Bc4+ Kh8 22. Bd5 Qc7 23. Nc4 Rd8 24. Bxb7 Qxb7 25. Re1 Nb8 26. exd6 Nc6 27. Bg1
Nf6 28. Qf3 Ne4 29. Rad1 Rfe8 30. a4 Qf7 31. Qb3 h6 32. Qb5 Nc3 33. Qxc6 Nxd1
34. Ne5 Qh5 35. d7 Rg8 36. Qe6 Kh7 37. Nc6 Rdf8 38. Ne7 Qf7 39. Nxg8 Qxe6 40.
Rxe6 Rd8 41. Rd6 Kxg8 42. Rxd1 Kf7 43. a5 Ke6 44. axb6 axb6 45. Rb1 Rxd7 46.
Rxb6+ Kd5 47. Rb1 Ke4 48. Bxc5 Kxf4 49. Kg1 g5 50. Re1 Rd3 51. Kh2 h5 52. Bb6
g4 53. h4 Rd7 54. g3+ 1-0

[Event "DC International"]
[Site "Arlington, VA"]
[Date "2013.07.01"]
[Round "9.7"]
[White "Bodek, Michael"]
[Black "Neimer, Vitaly"]
[Result "1-0"]
[WhiteElo "2339"]
[BlackElo "2420"]
[PlyCount "169"]
[EventDate "2013.06.??"]
[EventType "swiss"]
[EventRounds "9"]
[EventCountry "USA"]
[SourceDate "2013.06.27"]

1. e4 c5 2. Nf3 e6 3. Nc3 a6 4. g3 d6 5. Bg2 Nc6 6. d4 cxd4 7. Nxd4 Bd7 8. O-O
Nf6 9. Re1 Be7 10. Nxc6 Bxc6 11. a4 O-O 12. a5 Rc8 13. Be3 Nd7 14. Na4 Qe8 15.
c4 Nc5 16. Nc3 f5 17. Bxc5 dxc5 18. exf5 Bxg2 19. Kxg2 Qc6+ 20. Qf3 Qxf3+ 21.
Kxf3 Rxf5+ 22. Kg2 Kf7 23. Ra3 Rd8 24. Rb3 Rd2 25. Ne4 Rd7 26. Rb6 h5 27. h4
Bd8 28. Rd6 Ke7 29. Red1 Rxd6 30. Nxd6 Re5 31. Nc8+ Ke8 32. Nd6+ Ke7 33. Nf7
Kxf7 34. Rxd8 Re1 35. Rc8 Rb1 36. Rxc5 Rxb2 37. Rxh5 Kf6 38. Rc5 b6 39. Rc6
bxa5 40. Rxa6 Rc2 41. Rxa5 Rxc4 42. f4 Rb4 43. Kh3 Rb3 44. Kg4 Rc3 45. Ra1 Rb3
46. Rf1 Ra3 47. Rc1 Rb3 48. Rc6 Ra3 49. Rb6 Rc3 50. Rb5 Ra3 51. Rb2 Rc3 52. Rf2
Ra3 53. Rf3 Ra4 54. Re3 Rb4 55. Kf3 Rb1 56. Re2 Rb3+ 57. Kg4 Ra3 58. h5 Rb3 59.
Ra2 Rc3 60. Rh2 Re3 61. Rh1 Kf7 62. Rf1 Kf6 63. Rb1 Ra3 64. Kh4 Ra4 65. Rb5 Rc4
66. Rb8 Kf7 67. Kh3 Ra4 68. Rb3 Kf6 69. Kg2 Ra5 70. g4 Ra1 71. Re3 Rb1 72. Re5
Rb3 73. g5+ Kf7 74. Ra5 Rb7 75. Ra8 e5 76. f5 Rb2+ 77. Kf3 Rb4 78. f6 gxf6 79.
g6+ Kg7 80. Ra7+ Kg8 81. Ra8+ Kg7 82. Ra7+ Kg8 83. h6 Rb8 84. Kg4 Re8 85. Kh5
1-0

[Event "DC International"]
[Site "Arlington, VA"]
[Date "2013.07.01"]
[Round "9.8"]
[White "Mandizha, Farai"]
[Black "Balasubramanian, Adithya"]
[Result "1/2-1/2"]
[WhiteElo "2390"]
[BlackElo "2298"]
[PlyCount "138"]
[EventDate "2013.06.??"]
[EventType "swiss"]
[EventRounds "9"]
[EventCountry "USA"]
[SourceDate "2013.06.27"]

1. d4 Nf6 2. c4 g6 3. Nc3 d5 4. g3 Bg7 5. Bg2 dxc4 6. Qa4+ Nfd7 7. e3 O-O 8.
Qxc4 Nb6 9. Qb3 c5 10. dxc5 N6d7 11. Ne4 Ne5 12. Nf3 Be6 13. Qc2 Nd3+ 14. Kf1
Nc6 15. a3 Na5 16. Nd4 Bc4 17. Kg1 Ne1 18. Qc3 Nxg2 19. Kxg2 Bd5 20. f3 e5 21.
Nc2 f5 22. Nd6 e4 23. Qd2 exf3+ 24. Kf2 Be6 25. Nd4 Bxd4 26. Qxd4 Nb3 27. Qe5
Qf6 28. Qxf6 Rxf6 29. e4 Nxc5 30. Bg5 Rff8 31. exf5 Bd5 32. Rad1 Ne4+ 33. Nxe4
Bxe4 34. fxg6 hxg6 35. Rhe1 Rfe8 36. Rd6 Rac8 37. Rxe4 Rxe4 38. Rxg6+ Kf7 39.
Rf6+ Kg8 40. Kxf3 Re1 41. Kg4 Re2 42. h4 Rxb2 43. Rf3 a5 44. Kh5 a4 45. g4 Rcc2
46. Kg6 Rf2 47. Rd3 Rb6+ 48. Kh5 Rf7 49. Rd8+ Rf8 50. Rd5 Kg7 51. Rd7+ Rf7 52.
Rd4 Rf8 53. Rd7+ Rf7 54. Rd4 Rb5 55. Rd6 Rc5 56. Rg6+ Kf8 57. Rd6 Rf3 58. Kg6
Rc6 59. Rxc6 bxc6 60. h5 Kg8 61. h6 Rh3 62. Be7 Rh1 63. g5 Rh3 64. Bd6 Rh1 65.
Bc5 Rh4 66. Bd6 Rh1 67. Be7 Rh3 68. Bc5 Rh4 69. Bd6 Rh1 1/2-1/2

[Event "DC International"]
[Site "Arlington, VA"]
[Date "2013.07.01"]
[Round "9.16"]
[White "Wheeler, Cameron"]
[Black "Sakai, Hibicki"]
[Result "1-0"]
[WhiteElo "2215"]
[BlackElo "2093"]
[PlyCount "55"]
[EventDate "2013.06.??"]
[EventType "swiss"]
[EventRounds "9"]
[EventCountry "USA"]
[SourceDate "2013.06.27"]

1. c4 Nf6 2. g3 c6 3. Nf3 d5 4. Bg2 Bf5 5. cxd5 cxd5 6. Qb3 Qb6 7. Qxb6 axb6 8.
d3 Nc6 9. Be3 Nb4 10. Na3 Rxa3 11. bxa3 Nc2+ 12. Kd2 Nxa1 13. Rxa1 e6 14. Rb1
Nd7 15. Bxb6 Nxb6 16. Rxb6 Bxa3 17. Rxb7 O-O 18. Kc3 Ra8 19. Kb3 Bc5 20. d4 Bd6
21. a4 Rc8 22. a5 Bc2+ 23. Kb2 Ba4 24. Ne5 f6 25. Nd3 Ra8 26. Rb6 Bc7 27. Rxe6
Rxa5 28. Nc5 1-0

[Event "DC International"]
[Site "Arlington, VA"]
[Date "2013.07.01"]
[Round "9.18"]
[White "Prathiba, Yuvarajan"]
[Black "Beilin, Allan"]
[Result "1/2-1/2"]
[WhiteElo "2189"]
[BlackElo "2026"]
[PlyCount "150"]
[EventDate "2013.06.??"]
[EventType "swiss"]
[EventRounds "9"]
[EventCountry "USA"]
[SourceDate "2013.06.27"]

1. e4 c5 2. Nf3 e6 3. d4 cxd4 4. Nxd4 Nc6 5. Nb5 d6 6. c4 Nf6 7. N1c3 a6 8. Na3
Be7 9. Be2 O-O 10. Be3 b6 11. Rc1 Bb7 12. O-O Rc8 13. f3 Nd7 14. Rf2 Nc5 15.
Bf1 Bf6 16. Nab1 Qc7 17. a3 Ne5 18. Rd2 Be7 19. b4 Ncd7 20. Rdc2 Qb8 21. Nd2
Rc7 22. f4 Ng6 23. Qe1 Ba8 24. Qf2 Rfc8 25. h3 Bf6 26. Bd3 b5 27. Nd1 bxc4 28.
Nxc4 d5 29. exd5 Bxd5 30. Na5 Rxc2 31. Rxc2 Rxc2 32. Bxc2 Nh4 33. Ba7 Qa8 34.
g3 Nf3+ 35. Kf1 e5 36. Nc3 exf4 37. Nxd5 Qxd5 38. gxf4 Nd2+ 39. Kg1 Nf3+ 40.
Kf1 Nd2+ 41. Ke2 Ne4 42. Bxe4 Qxe4+ 43. Qe3 Qg2+ 44. Kd1 Qd5+ 45. Qd2 Qh1+ 46.
Kc2 Qxh3 47. Qd3 Qxd3+ 48. Kxd3 h5 49. Ke4 Bb2 50. a4 Nf6+ 51. Kf3 Nd5 52. b5
axb5 53. axb5 f5 54. Nc4 Bc1 55. Ne3 Nxe3 56. Bxe3 Ba3 57. b6 Bd6 58. b7 Kh7
59. Bd4 Bb8 60. Be5 Ba7 61. Bc7 Kh6 62. Bd8 Bb8 63. Kg3 Bd6 64. Kf3 Bb8 65. Ke3
Kg6 66. Bg5 Kf7 67. Kd4 Ke6 68. Kc5 h4 69. Bxh4 Bxf4 70. Kc6 Bb8 71. Bd8 f4 72.
Bc7 f3 73. Bxb8 f2 74. Ba7 f1=Q 75. b8=Q Qc4+ 1/2-1/2

[Event "DC International"]
[Site "Arlington, VA"]
[Date "2013.07.01"]
[Round "9.21"]
[White "Yagiz, Bora"]
[Black "Corallo, Michael"]
[Result "0-1"]
[WhiteElo "1916"]
[BlackElo "2201"]
[PlyCount "104"]
[EventDate "2013.06.??"]
[EventType "swiss"]
[EventRounds "9"]
[EventCountry "USA"]
[SourceDate "2013.06.27"]

1. e4 e5 2. Nf3 Nc6 3. Bb5 a6 4. Bxc6 dxc6 5. Nc3 f6 6. d4 exd4 7. Qxd4 Qxd4 8.
Nxd4 c5 9. Nde2 Be6 10. Bd2 O-O-O 11. O-O-O Ne7 12. Be3 Rxd1+ 13. Rxd1 Ng6 14.
Nf4 Nxf4 15. Bxf4 Be7 16. Nd5 Bd8 17. Be3 b6 18. h4 Re8 19. Nc3 Bd7 20. Re1 Bc6
21. f3 f5 22. Bf2 fxe4 23. Nxe4 a5 24. Ng5 h6 25. Rxe8 Bxe8 26. Ne4 Bf7 27. a3
Kd7 28. Kd2 Be7 29. g4 Kc6 30. Ke3 b5 31. g5 Bg6 32. f4 b4 33. a4 Kd5 34. Ng3
Bxc2 35. Nh5 Bf8 36. Ng3 Bxa4 37. h5 c4 38. Kd2 Bd7 39. Be3 a4 40. f5 hxg5 41.
Bxg5 Bd6 42. Nf1 a3 43. Ne3+ Ke4 44. bxa3 c3+ 45. Kc2 Ba4+ 46. Kb1 b3 47. Nc4
Bb5 48. Bf6 gxf6 49. Nxd6+ cxd6 50. h6 Bd3+ 51. Ka1 b2+ 52. Ka2 b1=Q# 0-1

[Event "DC International"]
[Site "Arlington, VA"]
[Date "2013.07.01"]
[Round "9.22"]
[White "Panchanatham, Vignesh"]
[Black "Maldonado, Oscar"]
[Result "0-1"]
[WhiteElo "2069"]
[BlackElo "2194"]
[PlyCount "56"]
[EventDate "2013.06.??"]
[EventType "swiss"]
[EventRounds "9"]
[EventCountry "USA"]
[SourceDate "2013.06.27"]

1. e4 c5 2. Nf3 Nc6 3. d4 cxd4 4. Nxd4 e5 5. Nb5 a6 6. Nd6+ Bxd6 7. Qxd6 Qf6 8.
Qd1 Qg6 9. Nc3 d5 10. Nxd5 Qxe4+ 11. Be2 Nd4 12. Nc7+ Ke7 13. Nxa8 Qxg2 14. Rf1
Bf5 15. Qd2 Nxc2+ 16. Kd1 Nf6 17. f4 Rd8 18. fxe5 Rxd2+ 19. Bxd2 Nd5 20. Rxf5
Nde3+ 21. Bxe3 Nxe3+ 22. Kd2 Nxf5 23. Rc1 Nd4 24. Re1 Nf3+ 25. Kd1 Nxe1 26.
Kxe1 b5 27. Nc7 Qc6 28. Nxa6 Qxa6 0-1

[Event "DC International"]
[Site "Arlington, VA"]
[Date "2013.07.01"]
[Round "9.24"]
[White "Viswanadha, Kesav"]
[Black "Patil, Anuprita"]
[Result "1-0"]
[WhiteElo "2177"]
[BlackElo "2075"]
[PlyCount "89"]
[EventDate "2013.06.??"]
[EventType "swiss"]
[EventRounds "9"]
[EventCountry "USA"]
[SourceDate "2013.06.27"]

1. e4 c5 2. Nf3 e6 3. c3 Nf6 4. e5 Nd5 5. d4 cxd4 6. cxd4 d6 7. Nc3 Nxc3 8.
bxc3 Qc7 9. Bd2 Nd7 10. exd6 Bxd6 11. Bd3 b6 12. O-O Bb7 13. h3 h6 14. c4 O-O
15. Rc1 Bf4 16. Be3 Nf6 17. Qe2 Rac8 18. Rfd1 Rfd8 19. Bb1 Ba6 20. Bd3 Bb7 21.
Rc2 Qb8 22. Nd2 Bxe3 23. fxe3 Qg3 24. Qf2 Qd6 25. Rcc1 e5 26. d5 Qa3 27. Ne4
Nxd5 28. Bb1 Nc7 29. Rf1 Qe7 30. Ng3 g6 31. h4 h5 32. Nxh5 gxh5 33. Qg3+ Kf8
34. Bh7 Ke8 35. Bg6 Rd6 36. Rxf7 Qxf7 37. Qxe5+ Re6 38. Bxf7+ Kxf7 39. Rf1+ Ke8
40. Qxh5+ Kd7 41. Qf7+ Kd6 42. Rd1+ Kc5 43. Qf5+ Kb4 44. Rb1+ Ka4 45. Qc2+ 1-0

[Event "DC International"]
[Site "Arlington, VA"]
[Date "2013.07.01"]
[Round "9.28"]
[White "Ulrich, Rachel"]
[Black "Nieto, Guillermo"]
[Result "0-1"]
[WhiteElo "1902"]
[BlackElo "1949"]
[PlyCount "198"]
[EventDate "2013.06.??"]
[EventType "swiss"]
[EventRounds "9"]
[EventCountry "USA"]
[SourceDate "2013.06.27"]

1. e4 d5 2. exd5 Nf6 3. d4 Bg4 4. Be2 Bxe2 5. Nxe2 Qxd5 6. O-O Nc6 7. Nbc3 Qh5
8. Bf4 O-O-O 9. Bg3 e6 10. Qd2 Bd6 11. Nf4 Qf5 12. Nfe2 h5 13. Rad1 Bb4 14. Qf4
Qxf4 15. Bxf4 Bxc3 16. bxc3 Nd5 17. Bd2 Na5 18. Rb1 Nc4 19. Bg5 f6 20. Bc1 Rd6
21. Rb5 Ra6 22. Nf4 Nxf4 23. Bxf4 g5 24. Rc5 gxf4 25. Rxc4 Rxa2 26. Rc1 Rd8 27.
f3 Rd5 28. g3 fxg3 29. hxg3 a5 30. Kf2 Kd7 31. Ke3 Kd6 32. Kd3 b5 33. Rc5 Rxc5
34. dxc5+ Kxc5 35. Rh1 Kc6 36. Rxh5 Ra1 37. c4 bxc4+ 38. Kxc4 Ra4+ 39. Kb3 Rb4+
40. Kc3 Rb5 41. Rh6 Rf5 42. f4 Kb5 43. Rh7 Rc5+ 44. Kb2 f5 45. Rh8 Kc4 46. Ra8
Rb5+ 47. Kc1 Kb4 48. Ra7 c6 49. Re7 a4 50. Rxe6 c5 51. Ra6 c4 52. Kb2 c3+ 53.
Ka2 Rd5 54. Rb6+ Ka5 55. Rc6 Kb4 56. Rb6+ Kc5 57. Ra6 Kb5 58. Ra8 Rd2 59. Rb8+
Kc4 60. Rc8+ Kd4 61. Kb1 Rd1+ 62. Ka2 Rc1 63. Rd8+ Ke4 64. Re8+ Kf3 65. Rf8
Rxc2+ 66. Kb1 Rb2+ 67. Kc1 a3 68. Rc8 Rb3 69. Kc2 a2 70. Ra8 Rb2+ 71. Kxc3 Rf2
72. Kd4 Re2 73. Ra3+ Kg4 74. Kd5 a1=Q 75. Rxa1 Kxg3 76. Rg1+ Kxf4 77. Rf1+ Kg4
78. Rg1+ Kh3 79. Rf1 Kg4 80. Rg1+ Kf4 81. Rf1+ Kg5 82. Rg1+ Kf6 83. Rf1 Rd2+
84. Kc4 Ke5 85. Kc3 Rd5 86. Kc4 Rd4+ 87. Kc3 f4 88. Re1+ Re4 89. Kd2 f3 90. Rh1
Re2+ 91. Kd3 Kf4 92. Rg1 Re7 93. Rg8 f2 94. Kd2 Kf3 95. Rf8+ Kg2 96. Rg8+ Kf1
97. Rf8 Rd7+ 98. Ke3 Ke1 99. Rxf2 Re7+ 0-1